000 00335nam a2200145Ia 4500
003 OSt
005 20240301105127.0
008 170524s9999 xx 000 0 und d
020 _a9780078034657
040 _cIIMT UNIVERSITY
100 _aEven Cheol
245 0 _aINTERNATIONAL FINANCIAL MANAGEMENT
260 _aTMH
942 _2ddc
_c02
999 _c3084
_d3084